[Event "ROM-ch U10 Girls"]
[Site "Calimanesti Caciulata"]
[Date "2016.04.23"]
[Round "7"]
[White "Marcu, Diana Alina"]
[Black "Suvac, Marina Irina"]
[Result "0-1"]
[WhiteElo "1001"]
[BlackElo "1001"]
[PlyCount "62"]
[EventDate "2016.04.18"]
[EventType "swiss"]
[EventRounds "9"]
[EventCountry "ROU"]
[SourceTitle "CBM 172 Extra"]
[Source "ChessBase"]
[SourceDate "2016.06.21"]
[SourceVersion "1"]
[SourceVersionDate "2016.06.21"]
[SourceQuality "1"]

1. e4 e5 2. Nf3 Nc6 3. Nc3 Nf6 4. d4 exd4 5. Nxd4 Bb4 6. f3 Bxc3+ 7. bxc3 h6 8. Nxc6 bxc6 9. Be2 Rb8 10. Be3 a6 11. Rb1 Rxb1 12. Qxb1 d5 13. Bd3 a5 14. c4 0-0 15. 0-0 Re8 16. Bd4 Ba6 17. cxd5 Bxd3 18. cxd3 cxd5 19. Bxf6 Qxf6 20. Qb5 c6 21. Qxa5 dxe4 22. fxe4 Qd4+ 23. Kh1 Qxd3 24. Rc1 Rxe4 25. Re1 Rxe1+ 26. Qxe1 c5 27. a4 c4 28. a5 Qa3 29. Qe8+ Kh7 30. Qxf7 Qa1+ 31. Qf1 Qxf1# 0-1

[Event "ROM-ch U10 Girls"]
[Site "Calimanesti Caciulata"]
[Date "2016.04.18"]
[Round "1"]
[White "Barbu, Timea Alexandra"]
[Black "Marcu, Diana Alina"]
[Result "1-0"]
[WhiteElo "1169"]
[BlackElo "1001"]
[PlyCount "73"]
[EventDate "2016.04.18"]
[EventType "swiss"]
[EventRounds "9"]
[EventCountry "ROU"]
[SourceTitle "CBM 172 Extra"]
[Source "ChessBase"]
[SourceDate "2016.06.21"]
[SourceVersion "1"]
[SourceVersionDate "2016.06.21"]
[SourceQuality "1"]

1. e4 e5 2. Nf3 Nc6 3. d4 exd4 4. Nxd4 Bc5 5. Be3 Nf6 6. Nc3 0-0 7. Nxc6 dxc6 8. Bxc5 Re8 9. Qxd8 Rxd8 10. Bd3 b6 11. Be7 Rd7 12. Bxf6 gxf6 13. 0-0 Rd4 14. Rad1 Bg4 15. f3 Be6 16. Ba6 b5 17. Rxd4 Bc4 18. Rfd1 Rb8 19. Rd8+ Rxd8 20. Rxd8+ Kg7 21. b3 Be6 22. Bb7 c5 23. Bd5 a5 24. Nxb5 h6 25. Nxc7 Bxd5 26. Rxd5 Kg6 27. Rxc5 Kg7 28. Ne8+ Kg6 29. Rf5 Kh7 30. Rxf6 Kg8 31. Nd6 Kg7 32. Rxf7+ Kg8 33. c4 Kh8 34. c5 Kg8 35. c6 Kh8 36. c7 Kg8 37. c8Q# 1-0